Diversity and economic evolution failures of competitive economic systems

Guardado en:
Detalles Bibliográficos
Autor principal: Tisdell, C.A
Formato: Libro
Lenguaje:inglés
Publicado: Brisbane The University of Queensland 1998
Colección:Discussion Papers No. 239
Materias:
Etiquetas: Agregar Etiqueta
Sin Etiquetas, Sea el primero en etiquetar este registro!

MARC

LEADER 00000nam a2200000 4500
001 c109304
005 20221221082048.2
022 |a 1033-4661 
041 0 |a eng 
044 |a AU 
245 1 0 |a Diversity and economic evolution  |b failures of competitive economic systems  |c C.A. Tisdell 
264 1 |a Brisbane  |b The University of Queensland  |c 1998 
300 |a 19 s. 
490 1 |a Discussion Papers  |v No. 239 
830 0 |a Discussion Papers  |v No. 239 
610 2 0 |a vývoj hospodársky 
610 2 0 |a porovnanie medzinárodné 
610 2 0 |a konkurencia 
610 2 0 |a trh 
100 1 |a Tisdell, C.A.